000 00506nam a22001937a 4500
003 MPLRDC
005 20220104154746.0
008 210129b ||||| |||| 00| 0 eng d
020 _a7-80600-611-7
082 _a528.21 SDZ
100 _a塞德兹
245 _a俗物与天才
_c柏桦译
250 _a第一版
260 _a中国
_b京华出版社
_c2001
300 _b
490 _a哈佛天才与素质教育典藏文库
650 _a子女教育; 亲子教育
942 _cBK
_o528.21 SDZ
999 _c54145
_d54135